Normal view
MARC view
Entry Personal Name
001 - CONTROL NUMBER
- control field: 1590
003 - CONTROL NUMBER IDENTIFIER
- control field: HDC
005 - DATE AND TIME OF LATEST TRANSACTION
- control field: 20230624073116.0
008 - FIXED-LENGTH DATA ELEMENTS
- fixed length control field: 201225|| aca||aabn | a|a d
040 ## - CATALOGING SOURCE
- Original cataloging agency: HDC
- Transcribing agency: HDC
100 ## - HEADING--PERSONAL NAME
- Personal name: Yaakob Che Man,
- Titles and other words associated with a name: Prof. Dr.
670 ## - SOURCE DATA FOUND
- Source citation: Work cat.: (HDC): Yaakob Che Man, Prof. Dr., author, OILS AND FATS ANALYSIS - Recent Advances and Future Prospects /, 2004
